Infinity stones - Estadísticas

Estadísticas generales
  • Esta prueba ha sido intentada 17 veces
  • La puntuación promedio es 5 de 6
Estadísticas de respuestas
Hint Respuesta % Correcto
Purple Power
100%
Blue Space
93%
Green Time
93%
Red Reality
87%
Yellow Mind
80%
Orange Soul
73%
No se encontraron pruebas coincidentes
Distribución de puntuación
Porcentaje de gente con cada puntuación
Porcentaje por número respondido
Historial de tus puntuaciones
No has intentado esta prueba.